000 00504nam a2200181Ia 4500
008 240925s9999 xx 000 0 und d
020 _a9788126552566
082 _a530 WAL
100 _aBueche ,Frederick J.; Walker, Jearl ; Halliday, David; Resnick, Robert
245 0 _aPrinciple of Physics
250 _a10th
260 _aNew Delhi:
_bWiley
_c,2014.
300 _a1023p.
_b1
_fOriginal
500 _aIncludes Index
600 _aHumanities & Natural Science
650 _aPhysics
942 _cBK
999 _c13749
_d13749